Kimia : tingkatan 4

Bibliographic Details
Main Author: Mohd.Zaini Mohd Said
Format: Book
Published: Petaling jaya : Sasbadi , 2005
Series:Drive-A@SPM

MARC

LEADER 00000cam a2200000 7i4500
001 0000067087
005 20161016.0
008 161016
020 |a 9835923035 
090 0 0 |a R540   |b MOH 
100 1 |a Mohd.Zaini Mohd Said 
245 1 0 |a Kimia :   |b tingkatan 4   |c Mohd.Zaini Mohd.Said 
260 |a Petaling jaya :   |b Sasbadi ,   |c 2005 
440 |a Drive-A@SPM 
999 |a 0000907163   |b Book   |c REFERENCE   |e Cawangan Bandar Tenggara